Concrete footbridges / (Record no. 547338)

000 -LEADER
fixed length control field 00395nam a22001457a 4500
020 ## - INTERNATIONAL STANDARD BOOK NUMBER
International Standard Book Number 721008771
082 ## - DEWEY DECIMAL CLASSIFICATION NUMBER
Classification number 624.2
Author Mark TIL
-- L-19, P-56
100 ## - MAIN ENTRY--PERSONAL NAME
Personal name Tiller, R.M
9 (RLIN) 43541
245 ## - TITLE STATEMENT
Title Concrete footbridges /
Statement of responsibility, etc. R.M, Tiller
260 ## - PUBLICATION, DISTRIBUTION, ETC.
Place of publication, distribution, etc. London :
Name of publisher, distributor, etc. Cement & Concrete Association,
Date of publication, distribution, etc. 1973.
300 ## - PHYSICAL DESCRIPTION
Extent 56 p. :
526 ## - STUDY PROGRAM INFORMATION NOTE
Program name 0
Interest level 0
Reading level 0
Title point value 624_200000000000000_TIL
650 ## - SUBJECT ADDED ENTRY--TOPICAL TERM
Topical term or geographic name entry element MCE
9 (RLIN) 379
942 ## - ADDED ENTRY ELEMENTS (KOHA)
Source of classification or shelving scheme
Koha item type Book
Holdings
Withdrawn status Lost status Source of classification or shelving scheme Damaged status Not for loan Permanent Location Current Location Date acquired Total Checkouts Full call number Barcode Date last seen Price effective from Koha item type
          Military College of Engineering (MCE) Military College of Engineering (MCE) 07/08/2014   624.2 TIL MCE-7003 07/08/2014 07/08/2014 Book
© 2023 Central Library, National University of Sciences and Technology. All Rights Reserved.